Reward Management: A Handbook of Remuneration Strategy and Practice (Record no. 3610)

MARC details
000 -LEADER
fixed length control field 00357nam a2200133Ia 4500
008 - FIXED-LENGTH DATA ELEMENTS--GENERAL INFORMATION
fixed length control field 191201s2009 xx 000 0 und d
100 ## - MAIN ENTRY--PERSONAL NAME
Personal name ARMSTRONG, Michal
245 #0 - TITLE STATEMENT
Title Reward Management: A Handbook of Remuneration Strategy and Practice
250 ## - EDITION STATEMENT
Edition statement Rep.
260 ## - PUBLICATION, DISTRIBUTION, ETC. (IMPRINT)
Place of publication, distribution, etc N.Delhi
Name of publisher, distributor, etc Kogan Page India
Date of publication, distribution, etc 2009
300 ## - PHYSICAL DESCRIPTION
Extent 722
650 ## - SUBJECT ADDED ENTRY--TOPICAL TERM
Topical term or geographic name as entry element MBA
942 ## - ADDED ENTRY ELEMENTS (KOHA)
Source of classification or shelving scheme Dewey Decimal Classification
Koha item type Text Books
Holdings
Withdrawn status Lost status Source of classification or shelving scheme Damaged status Not for loan Collection code Home library Current library Date acquired Source of acquisition Cost, normal purchase price Bill Number Total Checkouts Full call number Acc. no. / Barcode Checked out Date last seen Date last borrowed Bill Date Koha item type
    Dewey Decimal Classification     MBA PIET C-LIBRARY PIET C-LIBRARY 08/11/2008 J B C, New Delhi 495.00 SI-4271 1 658.3124 ARR 10109 16/02/2026 29/07/2025 29/07/2025 27/10/2008 Text Books
    Dewey Decimal Classification     MBA PIET C-LIBRARY PIET C-LIBRARY 08/11/2008 J B C, New Delhi 495.00 SI-4271 1 658.3124 ARR 10110   18/02/2022 24/07/2020 27/10/2008 Text Books
    Dewey Decimal Classification     MBA PIET C-LIBRARY PIET C-LIBRARY 08/11/2008 J B C, New Delhi 495.00 SI-4271   658.3124 ARR 10111   04/12/2019   27/10/2008 Text Books
    Dewey Decimal Classification     MBA PIET C-LIBRARY PIET C-LIBRARY 08/11/2008 J B C, New Delhi 495.00 SI-4271   658.3124 ARR 10112   04/12/2019   27/10/2008 Text Books

Design & Developed by: PIET Central Library
R70 Miles Stone Pattikalyana Samalkha Panipat 132102
mail ID :- [email protected], Phone No:- 0180-2569700 Ex.216